'Happiest' Countries - Statistics

General Stats
  • This quiz has been taken 41 times
  • The average score is 12 of 15
Answer Stats
Country % Correct
Finland
97%
Norway
97%
Sweden
94%
Canada
89%
Denmark
86%
United Kingdom
86%
Australia
80%
Germany
80%
Iceland
80%
Ireland
74%
Netherlands
74%
New Zealand
71%
Switzerland
69%
Austria
66%
Costa Rica
17%
No matching quizzes found
Score Distribution
Percent of People with Each Score
Percentile by Number Answered
Your Score History
You have not taken this quiz